Statistics for Multiple Choice Geography #1

Click here to take the quiz!

General Stats

  • This quiz has been taken 112,607 times
  • The average score is 10 of 15

Answer Stats

QuestionAnswer% Correct
Which of these cities is NOT a national capital?Sydney
83%
Which one of these countries is NOT in Central America?Suriname
79%
Which of these U.S. states does NOT border Canada?Indiana
74%
Which of these countries was NOT a part of the Soviet Union?Poland
71%
Which of these cities DOESN'T border the Mediterranean Sea?Lisbon
67%
Which of these countries does NOT have only one border?North Korea
67%
Which of these countries was NEVER part of the British Empire?Thailand
66%
Which of these countries is NOT recognized by the United Nations?Taiwan
64%
Which one of these cities is NOT in the Southern Hemisphere?Colombo
61%
Which of these mountain ranges is NOT in Europe?Atlas Mountains
59%
Which of these things is NOT located in Africa?Gobi Desert
57%
Which of these cities does NOT border the Great Lakes?Pittsburgh
56%
Which of these countries is NOT one of the top 20 oil producers?Morocco
54%
Which of these cities is NOT in India?Karachi
50%
Which of these countries is NOT majority-Muslim?Ethiopia
46%

Score Distribution

Percentile by Number Answered

Percent of People with Each Score

Your Score History

You have not taken this quiz